| 000 | 00849nam a22002777a 4500 | ||
|---|---|---|---|
| 003 | CHAP | ||
| 005 | 20220329135233.0 | ||
| 008 | 971013s1946 r 00010 d | ||
| 010 | _a33098 | ||
| 011 | _a34070 | ||
| 035 | _a38186 | ||
| 040 | _cCHAP | ||
| 082 |
_a664.4 _bL6 |
||
| 100 | 0 | 0 |
_aLozano García, Raúl. _968761 |
| 245 | _aEstudio tecnológico de la industria de la sal en México | ||
| 260 |
_aMéxico : _bInstituto de Geología, _c1946 |
||
| 300 |
_a70 p. _b: ilus. |
||
| 590 |
_aBATCH-UPD _b10 _c20130110 _lUCH01 _h1759 |
||
| 590 |
_aBATCH-UPD _b10 _c20130410 _lUCH01 _h1136 |
||
| 590 |
_aBATCH-UPD _b10 _c20130914 _lUCH01 _h2011 |
||
| 590 |
_aCONVERSION _b10 _c20130109 _lUCH01 _h1319 |
||
| 650 | 1 | 4 |
_aSal _xIndustria _xMéxico. _9101246 |
| 901 | _aBK | ||
| 942 | _cLIBRO | ||
| 949 |
_a664.4 L6 _bBC _cLIBRO _d-87296 _eLIBRO _h25301 _i38186 _mD _si |
||
| 999 |
_c33098 _d33098 |
||